Recyling in the Highlands and Islands (Record no. 74549)
[ view plain ]
| 000 -LEADER | |
|---|---|
| fixed length control field | 00954cam a2200217 4500 |
| 001 - CONTROL NUMBER | |
| control field | WB4037-21 |
| 008 - FIXED-LENGTH DATA ELEMENTS--GENERAL INFORMATION | |
| fixed length control field | 040929n2004 000 0 eng u |
| 035 ## - SYSTEM CONTROL NUMBER | |
| System control number | (Sirsi) u127554 |
| 245 ## - TITLE STATEMENT | |
| Title | Recyling in the Highlands and Islands |
| 260 ## - PUBLICATION, DISTRIBUTION, ETC. | |
| Date of publication, distribution, etc. | 2004 |
| 490 ## - SERIES STATEMENT | |
| Series statement | Scottish Executive News Release |
| 520 ## - SUMMARY, ETC. | |
| Summary, etc. | The Highlands and Islands of Scotland are to receive £49m to fund recylcing intitatives up to 2020. This includes a kerbside recycling service to 42 500 households and four new recycling centres. This new funding is intended to deliver 18% recycling and composting in the Highlands by 2006. For the Scottish Executive News Release: http://www.scotland.gov.uk/News/Releases/2004/09/29101426 |
| 590 ## - LOCAL NOTE (RLIN) | |
| Local note | WB |
| 650 ## - SUBJECT ADDED ENTRY--TOPICAL TERM | |
| Topical term or geographic name entry element | SCOTLAND |
| 650 ## - SUBJECT ADDED ENTRY--TOPICAL TERM | |
| Topical term or geographic name entry element | RECYCLING |
| 650 ## - SUBJECT ADDED ENTRY--TOPICAL TERM | |
| Topical term or geographic name entry element | RECYCLING INCENTIVES |
| 650 ## - SUBJECT ADDED ENTRY--TOPICAL TERM | |
| Topical term or geographic name entry element | HIGHLANDS AND ISLANDS |
| 650 ## - SUBJECT ADDED ENTRY--TOPICAL TERM | |
| Topical term or geographic name entry element | LANDFILL SITES |
| 690 ## - LOCAL SUBJECT ADDED ENTRY--TOPICAL TERM (OCLC, RLIN) | |
| Topical term or geographic name as entry element | ENVIRONMENTAL AND LAND CONSULTANCY-WASTE MANAGEMENT |
| 942 ## - ADDED ENTRY ELEMENTS (KOHA) | |
| Suppress in OPAC | 0 |
No items available.